000 00650nam a2200205Ia 4500
008 241004s9999 xx 000 0 und d
020 _a9781032233529
037 _aTextbook
040 _aARTS
_beng
_cARTS
041 _aeng
_2eng
084 _aO111:g(P) R2
_qARTS
100 _aJain Sonali Ed.; Pradhan Anubhav Ed.
_9724731
245 _aLiterature, language, and the classroom: essays for Promodini Varma
_cJain Sonali Ed.; Pradhan Anubhav Ed.
260 _aUK
_b Routledge
_c2022
300 _aix,164p.
365 _aINR
_b995
650 _aeng Literature
_9724732
942 _cTB
_hO111:g(P) R2
999 _c1218885
_d1218885